=LDR 00000nam 2200000 4500 =001 000410 =005 20250710033145 =035 ##$$a 0010-0725000272 =007 ta =008 250710################a##########0#ind## =020 ##$$a 978-623-307-444-5 =082 ##$$a 398.209 598 =084 ##$$a 398.209 598 SEL m =100 #$$a Anitha Selvanathan =245 1#$$a Mona naik kereta /$c Anitha Selvanathan =250 ##$$a Cetakan Pertama =260 ##$$a Rawamangun :$b Badan Pengembangan dan Pembinaan Bahasa,$c 2022 =300 ##$$a 14 hlm. : $b Ilus. ; $c 29 cm. =650 #4$$a Cerita Anak Indonesia - Terjemahan =650 #4$$a Literasi - Bahan bacaan =856 ##$$a TBM AS SUHADA =990 ##$$a TBM01340134